[Event "Decin op"]
[Site "Decin"]
[Date "1997.??.??"]
[Round "6"]
[White "Surjadnji, Aleksei"]
[Black "Korobov, Ilya"]
[Result "1/2-1/2"]
[WhiteElo "2440"]
[BlackElo "2335"]
[PlyCount "108"]
[EventDate "1997.??.??"]
[EventType "swiss"]
[EventRounds "9"]
[EventCountry "CZE"]
[SourceTitle "EXT 1998"]
[Source "ChessBase"]
[SourceDate "1997.11.17"]
[SourceVersion "1"]
[SourceVersionDate "1997.11.17"]
[SourceQuality "1"]

1. d4 f5 2. g3 Nf6 3. Bg2 g6 4. Nh3 Bg7 5. Nf4 d6 6. d5 0-0 7. h4 c6 8. Nc3 e5 9. dxe6 Qe7 10. h5 g5 11. h6 Bh8 12. Nd3 g4 13. e4 Bxe6 14. Qe2 fxe4 15. Nxe4 Bf5 16. Nxf6+ Bxf6 17. Qxe7 Bxe7 18. Bf4 Rf6 19. 0-0-0 Bf8 20. Rde1 Nd7 21. Be4 Bxe4 22. Rxe4 Rg6 23. c4 Kf7 24. Rhe1 Rd8 25. Kc2 Nf6 26. R4e2 Re8 27. c5 Rxe2+ 28. Rxe2 Nd7 29. cxd6 Re6 30. Rxe6 Kxe6 31. Kd2 Bxd6 32. Bxd6 Kxd6 33. Ke3 Ne5 34. Nc1 Ke6 35. Kf4 Kf6 36. a4 a5 37. Ke4 Nf7 38. Nb3 Nd6+ 39. Kf4 Nc4 40. Nc5 Nxb2 41. Nxb7 Nxa4 42. Nxa5 c5 43. Nc4 Nc3 44. Kxg4 Kg6 45. Kf4 Ne2+ 46. Ke3 Nd4 47. Ke4 Kxh6 48. f4 Kg7 49. Ke5 h5 50. f5 Ne2 51. f6+ Kg6 52. Nd6 Nd4 53. f7 Kg7 54. Kd5 Kf8 1/2-1/2